000 00449nam a2200193Ia 4500
005 20240823021823.0
008 240823s9999||||xx |||||||||||||| ||und||
020 _a81-7656-554-7
041 _aENGLISH
082 _A005.133 P7
100 _aYashavant P Kanetkear
245 0 _aTest Your C++ Skills
250 _a1st
260 _c2007
_bBPB New D
500 _aYES
650 _aC++
_bComputer Applications
942 _cBK
999 _c177801
_d177801